| 000 | 01418nam a22002657a 4500 | ||
|---|---|---|---|
| 003 | PE SENCICO BE | ||
| 005 | 20251020182623.0 | ||
| 008 | 221221b |||||||| |||| 00| 0 eng d | ||
| 020 | _a978-84-342-4040-7 | ||
| 040 |
_aPE SENCICO BE _cPE SENCICO BE |
||
| 041 | _aspa | ||
| 082 |
_a740 _bF39 |
||
| 100 | 1 |
_9334 _aFerrer, Ricard |
|
| 245 | 1 |
_aDibujo para diseñadores de muebles / _cRicard Ferrer |
|
| 250 | _a1a ed. | ||
| 260 |
_aBarcelona: _bParramón, _c2014 |
||
| 300 |
_a191 p. : _bil. col., lams. col. ; _c29 cm. |
||
| 520 | 3 | _aEl dibujo es la herramienta fundamental en el desarrollo de un mueble. Un croquis o un boceto a mano siguen siendo el punto de partida que captura el momento mágico de confluencia con la idea, donde un trazo inicia su larga andadura hasta convertirse en un nuevo producto. Planteado a modo de collage, este libro pretende aproximarse a la realidad del sector del mueble. Incorpora aquellas metodologías, nuevas y tradicionales, que definen el oficio de diseñador especializado en mobiliario; aborda las prácticas particulares por tipologías y familias de muebles; e ilustra los procesos de desarrollo así como los ejemplos de productos de actual referencia en el mercado. | |
| 650 | 1 | 4 |
_9335 _aDibujo |
| 650 | 2 | 4 |
_9239 _aMuebles |
| 650 | 2 | 4 |
_9336 _aDibujo técnico |
| 910 |
_bhfp _chfp |
||
| 942 |
_2ddc _cLIB _h740 _iF39 |
||
| 999 |
_c3717 _d3717 |
||